00273nam a2200109Ia 4500008004100000020001800041082001400059100001800073245002100091260003200112500001900144260604s9999 xx 000 0 und d a9780226834139 a332.1 MON aMONNET [ERIC] 0aBALANCE OF POWER bUNIVERSITY OF CHICAGO PRESS aBanks, Balance